| 000 | 00641nam a2200205Ia 4500 | ||
|---|---|---|---|
| 001 | 13129 | ||
| 003 | GE_BSU | ||
| 008 | 181216s||||||||xx |||||||||||||| ||und|| | ||
| 040 | _cGE_BSU | ||
| 080 | _a631.4 | ||
| 100 | _aВильямс,В.Р. | ||
| 245 | _aИзбранные сочинения т.2. Травопольная система земледелия(1921-1939) | ||
| 260 | _aМосква | ||
| 260 | _bИзд-во АНСССР | ||
| 260 | _c1950 | ||
| 300 | _a800стр.22см.фото | ||
| 653 | _aСобрание сочинении | ||
| 653 | _aТравопольная система земледелия | ||
| 942 | _cBK | ||
| 999 |
_c46293 _d46293 |
||